| 000 | 00724cam a22002651 4500 | ||
|---|---|---|---|
| 001 | 4724260 | ||
| 003 | ARRUPE | ||
| 005 | 20160920084122.0 | ||
| 008 | 750721s1952 nyuab b 000 0 eng | ||
| 010 | _a52006927 | ||
| 035 | _a(OCoLC)ocm01462570 | ||
| 035 | _a(NNC)4724260 | ||
| 040 |
_aDLC _cJPL _dDLC _dEL$ |
||
| 043 | _af------ | ||
| 050 | 0 | 0 | _aL NB1080.S4 |
| 098 | _aQcj | ||
| 100 | 1 |
_aSegy, Ladislas. _925919 |
|
| 245 | 1 | 0 |
_aAfrican sculpture speaks. _cby Segy, Ladislas. |
| 260 |
_aNew York, _bA.A. Wyn _c1952 |
||
| 300 |
_a254 p.; _b277 illus., maps (on lining papers) _c29 cm. |
||
| 504 | _aBibliography: p. 231-236. | ||
| 650 | 0 |
_aSculpture, African. _913088 |
|
| 942 |
_2lcc _cMONOGRAPH |
||
| 999 |
_c125274 _d125274 |
||